Statistics for Songs by Imagine Dragons

Click here to take the quiz!

General Stats

  • This quiz has been taken 440 times
  • The average score is 20 of 46

Answer Stats

Answer % Correct
Radioactive
95%
Demons
95%
It's Time
76%
On Top of the World
75%
Gold
68%
Amsterdam
66%
I Bet My Life
65%
Shots
64%
Smoke And Mirrors
63%
Warriors
60%
Monster
57%
Bleeding Out
56%
Dream
54%
I'm So Sorry
54%
Tiptoe
53%
Polaroid
53%
Friction
52%
Nothing Left to Say
47%
Hopeless Opus
46%
Hear Me
45%
Summer
43%
Rocks
43%
Thief
42%
The Fall
41%
America
40%
Who We Are
40%
Selene
39%
Underdog
38%
Working Man
37%
Trouble
36%
Battle Cry
36%
Every Night
36%
Cha-Ching (Till We Grow Older)
36%
It Comes Back To You
35%
Round and Round
32%
Fallen
30%
The River
29%
Second Chances
27%
The Unknown
26%
My Fault
25%
Release
25%
Cover Up
22%
I Don't Mind
16%
Destination
10%
30 Lives
9%
(I Can't Get No) Satisfaction
2%

Score Distribution

Percentile by Number Answered

Percent of People with Each Score

Your Score History

You have not taken this quiz